The Khüis Tolgoi inscription
Elmentve itt :
| Szerzők: | |
|---|---|
| Testületi szerző: | |
| Dokumentumtípus: | Könyv része |
| Megjelent: |
2018
|
| Sorozat: | Studia uralo-altaica
Ideas behind symbols - languages behind scripts : proceedings of the 60th Meeting of the Permanent International Altaistic Conference (PIAC), August 27- September 1, 2017 Székesfehérvár, Hungary |
| Kulcsszavak: | Keletkutatás, Altaji nyelvek - nyelvtörténet |
| Tárgyszavak: | |
| Online Access: | http://acta.bibl.u-szeged.hu/62248 |
| LEADER | 01066naa a2200253 i 4500 | ||
|---|---|---|---|
| 001 | acta62248 | ||
| 005 | 20220118132934.0 | ||
| 008 | 191119s2018 hu o 0|| eng d | ||
| 020 | |a 978-963-306-664-5 | ||
| 022 | |a 0133-4239 | ||
| 040 | |a SZTE Egyetemi Kiadványok Repozitórium |b hun | ||
| 041 | |a eng | ||
| 100 | 1 | |a Maue Dieter | |
| 245 | 1 | 4 | |a The Khüis Tolgoi inscription |h [elektronikus dokumentum] / |c Maue Dieter |
| 260 | |c 2018 | ||
| 300 | |a 73-89 | ||
| 490 | 0 | |a Studia uralo-altaica | |
| 490 | 0 | |a Ideas behind symbols - languages behind scripts : proceedings of the 60th Meeting of the Permanent International Altaistic Conference (PIAC), August 27- September 1, 2017 Székesfehérvár, Hungary | |
| 650 | 4 | |a Bölcsészettudományok | |
| 650 | 4 | |a Nyelvek és irodalom | |
| 695 | |a Keletkutatás, Altaji nyelvek - nyelvtörténet | ||
| 700 | 0 | 1 | |a Ölmez Mehmet |e aut |
| 710 | |a Meeting of the Permanent International Altaistic Conference (60.) (2018) (Székesfehérvár) | ||
| 856 | 4 | 0 | |u http://acta.bibl.u-szeged.hu/62248/1/altaica_052_073-089.pdf |z Dokumentum-elérés |